| 000 | 00769nam a2200229 a 4500 | ||
|---|---|---|---|
| 005 | 20220916063601.0 | ||
| 008 | 140519s2006 cl r 000 0 spa d | ||
| 020 | _a9583018848 | ||
| 035 | _aUPN01000197285 | ||
| 049 | _aI | ||
| 050 | 4 |
_aPZ76.3 _bR6.28 |
|
| 100 | 1 |
_aRodríguez, Teresa _935612 |
|
| 245 | 1 | 3 |
_aLa aventura de Teddy el osito de peluche / _cadaptación y tr. Teresa Rodríguez ; il. Carline y Renne. |
| 260 |
_aBogotá : _bPanamericana, _c2006. |
||
| 300 |
_a28 p. : _bprincipalmente il. col. |
||
| 440 | 0 | _aGolpe de corazón | |
| 534 |
_pTítulo original: _tL'etrange aventure de Teddy Bear |
||
| 650 | 4 |
_aOSOS DE FELPA - _vCUENTOS Y LEYENDAS _98598 |
|
| 650 | 7 |
_aLibros ilustrados para niños _2 _921365 |
|
| 905 | _aInfantil | ||
| 999 |
_c169386 _d169386 |
||